000 00634nam a2200229Ia 4500
003 OSt
005 20220927104731.0
006 a|||||r|||| 00| 0
007 ta
008 220926b |||||||| |||| 00| 0 eng d
024 _a151548
037 _cReference Collections
040 _aRTL
_cRTL
_beng
041 _2eng
_aeng
082 _a"X9(J38):54, M5/UN"
110 _aUN.Eco. Commission For European (D/0)
_9366938
245 0 _aGrain Market V 3
260 _c1985
700 _aUN.Eco. Commission For European (D/0)
_9366939
942 _h"X9(J38):54, M5/UN"
_cCC
999 _c688415
_d688415